000 00380pab a2200157 454500
008 180718b2012 xxu||||| |||| 00| 0 eng d
100 _aDogra, Bharat
245 _aProtecting tribal land and livelihood: Tribal minister's new initiative
260 _c2012
300 _ap.4.
362 _a20 Oct
650 _aTribes
773 _aMainstream
908 _aN
909 _a97948
999 _c97947
_d97947